00875nam a2200241Ia 4500001000600000003000900006008004100015040001300056040001300069041001200082100001500094100002900109245006400138245007300202250001100275260001100286260002600297260004900323300005700372500014100429650003200570650003100602E7439IT-RoPAU130308s9999 xx 000 0 und d aIT-RoPAU cIT-RoPAU aINGLESE aHillis Ken gCodice Aut. SPICS: 49478 2aA Geography of the Eye: the Technologies of Virtual Reality bCultures Of internet - Virtual Spaces, real Histories, Living Bodies a1a ed. aLONDON bSage Publications Ltd c1996 [1° Ed.:1996 - Ed.Ling.Originale:1996] a"29 p. (prefazione: no ; testo: 29 [pagine: 70-98])" aGeografia dell'Occhio: tecnologie della Realta Virtuale. Simulatori di Volo. Spazio della Science Fiction: Nuromancer di William Gibson. aSAGGI SULLA MULTIMEDIALITA' eCodice materia Spics: 4257